Marx a Engels o výchove a vzdelaní

Bibliographic Details
Main Authors: Marx, Karl, 1818-1883 (Author), Engels, Friedrich, 1820-1895 (Author)
Format: Book
Language:Slovak
Russian
PhysicalDescription:356 strán 21 cm
Published: Bratislava Slovenské pedagogické nakladateľstvo 1959
Edition:Prvé vydanie
Series:Knižnica pedagogických klasikov
Subjects:

MARC

LEADER 00000cam a2200000 a 4500
001 vtls008335972
003 SK-MaSNL
005 20260426002027.0
008 251001s1959 xo gr 001 0 slo
015 |a SNBA1960/03-00298 
020 |q (viazané) 
035 |a SK01SNK19600028189 
035 |a urn:nbn:sk:snk-am3iu3o 
035 |a AEDA24F9-CDB9-41B8-AEEE-D94D7012A4E3 
035 |a urn:nbn:sk:snk-am00fi9n 
035 |a SKM000030652 
040 |a SNK  |b slo  |c SNK  |e AACR2 
041 1 |a slo  |h rus 
044 |a xo  |c SK 
080 |a 141.82  |2 2011 
080 |a 37  |2 2011 
080 |a 37.01/.09  |2 2011 
080 |a (049)  |2 2011 
080 |a (082)  |2 2011 
100 1 |a Marx, Karl,  |d 1818-1883  |4 aut  |9 102765 
240 1 0 |a Marks i Engel's o vospitanii i obrazovanii  |l Slovensky 
245 1 0 |a Marx a Engels o výchove a vzdelaní  |c podľa ruského sborníka Marks i Engel's o vospitanii i obrazovanii ... preložil kolektív prekladateľov 
246 3 0 |a O výchove a vzdelaní 
250 |a Prvé vydanie 
260 |a Bratislava  |b Slovenské pedagogické nakladateľstvo  |c 1959  |e Trnava  |f Polygrafické závody 
300 |a 356 strán  |c 21 cm 
366 |e 3700 kusov 
490 1 |a Knižnica pedagogických klasikov 
504 |a Obsahuje poznámky na strane 329-339. Register mien 
650 0 7 |a výchova  |2 SNKPH  |9 957 
650 0 7 |a vzdelávanie  |2 SNKPH  |9 4033 
650 0 7 |a marxizmus  |2 SNKPH  |9 2153 
655 7 |a zborníky  |2 SNKPH  |9 70165 
655 7 |a rozpravy  |2 SNKPH  |9 70559 
700 1 |a Engels, Friedrich,  |d 1820-1895  |4 aut  |9 102766 
830 0 |a Knižnica pedagogických klasikov  |9 359721 
852 |a Slovenská národná knižnica 
954 |a odborná, vedecká literatúra cudzojazyčná (svetová)  |2 lita 
958 |a EUIPO 
958 |a TL 
958 |a RK 
958 |a RU 
958 |a OP 
958 |a ZB 
958 |a OND 
968 |b RUS 
999 |c 907428  |d 909358 
952 |a SNK  |b SNK  |y PREZ  |7 0  |p 17A0846882  |o snkSC 13912  |i snkKSP 24/60  |8 0  |0 0  |1 0  |4 0  |d 2020-02-27  |f 1  |l 0  |r 2025-07-16 00:00:00  |w 2026-02-24